000 00382nam a22001577a 4500
003 OSt
005 20231124101408.0
008 231124b |||||||| |||| 00| 0 eng d
020 _a9788120345553
040 _cIIMT UNIVERSITY
100 _aPANNEERSELVAM R.
245 _aPRODUCTION AND OPERATIONS MANAGEMENT
260 _aNEW DELHI
_bPHI
_c2023
300 _a700
942 _2ddc
_c02
999 _c57692
_d57692